[Event "77th ch-ARM 1st League"]
[Site "Yerevan ARM"]
[Date "2016.11.02"]
[Round "9.4"]
[White "Martirosyan, Haik M."]
[Black "Mikaelyan, Arman"]
[Result "0-1"]
[WhiteTitle "IM"]
[BlackTitle "IM"]
[WhiteElo "2470"]
[BlackElo "2449"]
[WhiteFideId "13306553"]
[BlackFideId "13304852"]
[EventDate "2016.10.24"]

1. d4 Nf6 2. c4 g6 3. Nf3 Bg7 4. g3 O-O 5. Bg2 d6 6. Nc3 Nbd7 7. O-O e5 8. h3
Re8 9. e4 exd4 10. Nxd4 Nc5 11. Re1 Bd7 12. b4 Ne6 13. Nb3 h6 14. f4 Nh7 15. Bb2
h5 16. Qd2 h4 17. f5 Nef8 18. g4 Be5 19. Rad1 b6 20. Nd4 Ng5 21. b5 a6 22. a4
axb5 23. cxb5 Nfh7 24. Rf1 Ra7 25. Qd3 Qa8 26. Qc4 Kg7 27. Bc1 Rc8 28. Qa2 c6
29. Qf2 cxb5 30. Nd5 Rxc1 31. Rxc1 Rxa4 32. Ne2 Nxe4 33. f6+ Kh8 34. Qxb6 Nhg5
35. Ndc3 Nxc3 36. Bxa8 Nxe2+ 37. Kg2 Rxa8 38. Rc2 Nf4+ 39. Rxf4 Bxf4 40. Qb7 Rd8
41. Qb6 Ne6 42. Re2 Be5 43. g5 Rc8 44. Qa6 Nxg5 45. Re3 Bg3 46. Rxg3 Rc2+ 0-1

[Event "77th ch-ARM 1st League"]
[Site "Yerevan ARM"]
[Date "2016.11.02"]
[Round "9.5"]
[White "Harutyunian, Tigran K."]
[Black "Yegiazaryan, Armenak"]
[Result "1-0"]
[WhiteTitle "IM"]
[WhiteElo "2495"]
[BlackElo "2243"]
[WhiteFideId "13303635"]
[BlackFideId "13303082"]
[EventDate "2016.10.24"]

1. c4 e6 2. g3 d5 3. Bg2 Nf6 4. Nf3 Be7 5. O-O O-O 6. d4 Nbd7 7. Qc2 c6 8. Nbd2
b5 9. c5 Ne8 10. e4 f5 11. exd5 exd5 12. Re1 g6 13. Nb3 Bf6 14. Ne5 Nb8 15. a4
b4 16. a5 Ba6 17. Bd2 Bb5 18. a6 Qc8 19. Na5 Bg7 20. Qb3 Nf6 21. Nb7 Bxa6 22.
Nd6 Qc7 23. Bxb4 Ne4 24. Ba5 Qe7 25. Nxc6 Qe6 26. Qxd5 Qxd5 27. Ne7+ Kh8 28.
Nxd5 Nc6 29. Bc3 Bd3 30. Nf4 Bc2 31. Ne6 1-0

[Event "77th ch-ARM 1st League"]
[Site "Yerevan ARM"]
[Date "2016.11.02"]
[Round "9.6"]
[White "Petrosyan, Manuel"]
[Black "Kalashian, David"]
[Result "1-0"]
[WhiteTitle "IM"]
[BlackTitle "IM"]
[WhiteElo "2530"]
[BlackElo "2358"]
[WhiteFideId "13300857"]
[BlackFideId "13302418"]
[EventDate "2016.10.24"]

1. d4 Nf6 2. c4 e6 3. Nf3 b6 4. g3 Ba6 5. Qa4 Bb7 6. Bg2 c5 7. dxc5 Bxc5 8. O-O
O-O 9. Nc3 Be7 10. Bf4 d6 11. Rfd1 a6 12. Ng5 Bxg2 13. Kxg2 Qc7 14. Nge4 Ne8 15.
f3 Nd7 16. Rac1 f5 17. Nf2 g5 18. Be3 Ne5 19. Nb1 Ng7 20. Nd3 Nxd3 21. Rxd3 f4
22. Bd2 fxg3 23. hxg3 Nf5 24. e4 Nxg3 25. c5 bxc5 26. Kxg3 d5+ 27. Kg2 Qe5 28.
Rg1 c4 29. Bc3 Qf4 30. Bd2 Qf7 31. Ra3 d4 32. f4 Bxa3 33. Nxa3 Qg6 34. f5 exf5
35. Qxc4+ Rf7 36. Qxd4 h6 37. Bc3 Kh7 38. Nc4 Qh5 39. Qd1 Qxd1 40. Rxd1 fxe4 41.
Ne5 Re7 42. Rd6 Rc8 43. Ng4 Rxc3 44. bxc3 e3 45. Rxh6+ Kg7 46. Rh1 Re4 47. Kf3
Rf4+ 48. Kg3 e2 49. Re1 Re4 50. Nh2 Re3+ 51. Nf3 Rxc3 52. Rxe2 Kf6 53. Kf2 Ra3
54. Nd4 g4 55. Nb3 a5 56. Rc2 a4 57. Nd2 Kg5 58. Nb1 Rf3+ 59. Kg2 Kh4 60. Nc3 a3
61. Ne2 Rd3 62. Kf2 Rh3 63. Rc3 Rh2+ 64. Kf1 Rh1+ 65. Ng1 Rh2 66. Rxa3 Rb2 67.
Ne2 Rb1+ 68. Kf2 Rb2 69. Ra8 Kg5 70. Ke3 Kf5 71. Ra5+ Ke6 72. Ng3 Kd7 73. Ra6
Kc7 74. Ne4 Kb7 75. Nc5+ Kc7 76. Kf4 Rb4+ 77. Ke5 g3 78. Rg6 Rb2 79. a4 g2 80.
Kd5 Rd2+ 81. Kc4 Rc2+ 82. Kb4 Rb2+ 83. Kc3 Ra2 84. Kb3 Rf2 85. Nd3 Re2 86. Nf4
Re3+ 87. Kb2 Re4 88. Nd5+ Kb7 89. Nc3 Rb4+ 90. Kc2 1-0

[Event "77th ch-ARM 1st League"]
[Site "Yerevan ARM"]
[Date "2016.11.02"]
[Round "9.7"]
[White "Sargsyan, Shant"]
[Black "Bakunts, Rafael"]
[Result "0-1"]
[WhiteTitle "CM"]
[WhiteElo "2440"]
[BlackElo "2396"]
[WhiteFideId "13306766"]
[BlackFideId "13304097"]
[EventDate "2016.10.24"]

1. d4 d5 2. c4 c6 3. Nf3 Nf6 4. Nc3 e6 5. Bg5 h6 6. Bxf6 Qxf6 7. e3 Nd7 8. Bd3
dxc4 9. Bxc4 g6 10. O-O Bg7 11. e4 e5 12. d5 O-O 13. Re1 Rd8 14. Nd2 Bf8 15. Re3
Nb6 16. Bb3 cxd5 17. exd5 Qg7 18. Nde4 Bf5 19. h4 Rac8 20. h5 Nc4 21. Rg3 Kh8
22. Qe2 Nd6 23. Bc2 Bxe4 24. Bxe4 g5 25. Qd3 Rc4 26. Re1 Rd4 27. Qf3 f5 28. Bb1
e4 29. Qe2 Ne8 30. Nd1 R4xd5 31. Rb3 Rd2 32. Qf1 Qd7 33. Ne3 Bc5 34. Rb5 Bxe3
35. fxe3 Nd6 36. Re5 Re8 37. Rxe8+ Nxe8 38. Qc4 Rd1 39. Qc3+ Ng7 40. Bc2 Rxe1+
41. Qxe1 Qc7 42. Qd1 g4 43. Bb3 Nxh5 44. Qd5 Qc1+ 45. Kf2 g3+ 46. Ke2 Qxb2+ 47.
Kd1 Qb1+ 48. Kd2 Qd3+ 49. Qxd3 exd3 50. Kxd3 Kg7 51. a4 Kf6 52. Bd5 b6 53. Bf3
Ng7 54. Kc4 h5 55. e4 h4 56. Kd5 fxe4 57. Bxe4 Ne6 0-1

[Event "77th ch-ARM 1st League"]
[Site "Yerevan ARM"]
[Date "2016.11.03"]
[Round "10.1"]
[White "Hovhannisyan, Karen G."]
[Black "Mikaelyan, Arman"]
[Result "0-1"]
[BlackTitle "IM"]
[WhiteElo "2251"]
[BlackElo "2449"]
[WhiteFideId "13306618"]
[BlackFideId "13304852"]
[EventDate "2016.10.24"]

1. d4 Nf6 2. Nf3 g6 3. g3 Bg7 4. Bg2 O-O 5. O-O d5 6. c4 dxc4 7. Nbd2 b5 8. a4
c6 9. e4 Na6 10. d5 cxd5 11. axb5 Nc7 12. exd5 c3 13. Nc4 Nfxd5 14. Nfe5 Be6 15.
Re1 Kh8 16. Ra5 Nb6 17. Bxa8 Qxd1 18. Rxd1 Bxc4 19. bxc3 Bxe5 20. Bc6 Be2 21.
Bh6 Rb8 22. Rc1 Bd6 23. Be3 Nc4 24. Bd4+ Be5 25. Bxe5+ Nxe5 26. Rxa7 Nxb5 27.
Rxe7 Nxc6 28. Rxe2 Rd8 29. Re3 Kg7 30. Rb1 Nc7 31. Rb6 Rd1+ 32. Kg2 Nd8 33. c4
Rc1 34. Rb4 Nce6 35. Re4 Nc5 36. Re2 Nc6 37. Rbb2 Nd3 38. Rbd2 Ne1+ 39. Kh3 Nf3 0-1

[Event "77th ch-ARM 1st League"]
[Site "Yerevan ARM"]
[Date "2016.11.03"]
[Round "10.2"]
[White "Hakobyan, Aram"]
[Black "Sargsyan, Shant"]
[Result "1/2-1/2"]
[WhiteTitle "FM"]
[BlackTitle "CM"]
[WhiteElo "2417"]
[BlackElo "2440"]
[WhiteFideId "13306677"]
[BlackFideId "13306766"]
[EventDate "2016.10.24"]

1. d4 Nf6 2. Nf3 g6 3. c4 Bg7 4. e3 O-O 5. Be2 c5 6. d5 e6 7. O-O exd5 8. cxd5
d6 9. Nc3 a6 10. a4 Bg4 11. h3 Bxf3 12. Bxf3 Nbd7 13. e4 Ne8 14. Qc2 Nc7 15. Be2
Rb8 16. a5 b5 17. axb6 Rxb6 18. Re1 Qf6 19. Bf1 Rfb8 20. Ra2 Ne5 21. Bd2 Qh4 22.
Qc1 h6 23. Re3 Rb4 24. g3 Qe7 25. Be1 Nc4 26. Re2 Ne5 27. Re3 Nc4 28. Re2 1/2-1/2

[Event "77th ch-ARM 1st League"]
[Site "Yerevan ARM"]
[Date "2016.11.03"]
[Round "10.3"]
[White "Hayrapetyan, Hovik"]
[Black "Babujian, Levon"]
[Result "0-1"]
[WhiteTitle "GM"]
[BlackTitle "GM"]
[WhiteElo "2468"]
[BlackElo "2465"]
[WhiteFideId "13302639"]
[BlackFideId "13301993"]
[EventDate "2016.10.24"]

1. d4 Nf6 2. Nf3 g6 3. c4 Bg7 4. g3 O-O 5. Bg2 d5 6. cxd5 Nxd5 7. O-O Nb6 8. Nc3
Nc6 9. e3 Re8 10. b3 e5 11. Nxe5 Nxe5 12. dxe5 Bxe5 13. Bb2 c6 14. Qc2 Qe7 15.
Kh1 Bg7 16. e4 a5 17. f4 a4 18. Nxa4 Nxa4 19. Bxg7 Kxg7 20. bxa4 Qb4 21. f5 Rxa4
22. Rad1 Kg8 23. Qf2 Qe7 24. Rd2 c5 25. h4 b6 26. f6 Qf8 27. Re1 Be6 28. e5 Ra5
29. Bc6 Rd8 30. Red1 Rxd2 31. Qxd2 h5 32. a4 c4 33. Qd6 Qc8 34. Kh2 Ra7 35. Bb5
Kh7 36. Qxb6 Rb7 37. Qd4 c3 38. Rc1 Rc7 39. Bd3 Qb7 40. a5 Qf3 41. Be4 Qg4 42.
Qe3 Rd7 43. Bg2 Rd2 44. Kg1 Qc4 45. Bf3 Rd3 46. Qf2 Bd5 47. Bxd5 Qxd5 48. a6 Rd2 0-1

[Event "77th ch-ARM 1st League"]
[Site "Yerevan ARM"]
[Date "2016.11.03"]
[Round "10.4"]
[White "Shahinyan, David"]
[Black "Harutyunian, Tigran K."]
[Result "1-0"]
[WhiteTitle "IM"]
[BlackTitle "IM"]
[WhiteElo "2431"]
[BlackElo "2495"]
[WhiteFideId "13304380"]
[BlackFideId "13303635"]
[EventDate "2016.10.24"]

1. e4 e5 2. Nf3 Nc6 3. d4 exd4 4. Nxd4 Bb4+ 5. c3 Bc5 6. Be3 Bb6 7. Bc4 Nf6 8.
O-O Ne5 9. Bd3 d5 10. exd5 Nxd3 11. Qxd3 Qxd5 12. c4 Qd6 13. Nd2 O-O 14. N2f3
Ng4 15. Rad1 Nxe3 16. Qxe3 Qf6 17. Qc3 Bg4 18. Rc1 c5 19. Nb5 Qf4 20. Qe5 Qxe5
21. Nxe5 Be6 22. Rfd1 Rad8 23. b3 Ba5 24. Nd3 a6 25. Nc3 b6 26. f3 Rd7 27. Nd5
Bxd5 28. Ne5 Re7 29. Rxd5 Re6 30. Rc2 Rfe8 31. Nd3 Bb4 32. Nxb4 cxb4 33. Kf2 g6
34. Rcd2 Kg7 35. Rd7 h5 36. Ra7 a5 37. Rad7 Kf6 38. R7d6 Ra8 39. R2d5 Rc8 40.
Rxe6+ Kxe6 41. Rb5 Rc6 42. g4 hxg4 43. fxg4 Kf6 44. h4 Re6 45. Kf3 Kg7 46. Kf4
f6 47. Kf3 Kf7 48. Rd5 Ke7 49. c5 bxc5 50. Rxc5 Ra6 51. Rc7+ Kd6 52. Rg7 Ke5 53.
Rxg6 Ra8 54. Rg7 Rc8 55. Re7+ Kd4 56. Kf4 Kd3 57. Ra7 Rc5 58. h5 Kc3 59. h6 Kb2
60. h7 Rc8 61. Rxa5 Rh8 62. Ra7 1-0

[Event "77th ch-ARM 1st League"]
[Site "Yerevan ARM"]
[Date "2016.11.03"]
[Round "10.5"]
[White "Bakunts, Rafael"]
[Black "Martirosyan, Haik M."]
[Result "1/2-1/2"]
[BlackTitle "IM"]
[WhiteElo "2396"]
[BlackElo "2470"]
[WhiteFideId "13304097"]
[BlackFideId "13306553"]
[EventDate "2016.10.24"]

1. e4 e6 2. d4 d5 3. Nc3 Bb4 4. e5 c5 5. a3 Ba5 6. b4 cxd4 7. Nb5 Bc7 8. f4 Ne7
9. Nf3 Nbc6 10. Bd3 Bd7 11. O-O a6 12. Nxc7+ Qxc7 13. Bb2 Rc8 14. Qe1 Nf5 15.
Bxf5 exf5 16. Nxd4 Be6 17. Nxc6 Qxc6 18. Bd4 Qxc2 19. Bc5 b6 20. Bxb6 O-O 21.
Bc5 Rfd8 22. Qf2 Qxf2+ 23. Kxf2 d4 24. Rfd1 h6 25. Rd3 a5 26. Rad1 axb4 27. axb4
Ra8 28. R1d2 Kh7 29. Rxd4 Rdb8 30. Rd6 Ra3 31. R6d3 Ra1 32. Rc3 Rb1 33. Ra3 Bc4
34. g3 Be6 35. Ra7 Kg6 36. h3 Kh5 37. Ra3 g5 38. Rad3 Ra8 39. Rd1 Ra2+ 40. Kf3
Rbb2 41. fxg5 hxg5 42. Rd8 Ra3+ 43. R8d3 Rab3 44. Rxb3 Rxb3+ 45. Kf2 f4 46. gxf4
gxf4 47. Rg1 Bxh3 48. Rg8 Bg4 49. Be7 Rb2+ 50. Kg1 f3 51. Bc5 Bf5 52. Be3 Bg6
53. Bf2 Kg5 54. Rd8 Kf4 55. Rd6 Rb1+ 56. Kh2 Rb2 57. Kg1 Kf5 58. Rf6+ Kxe5 59.
Rxf3 f5 60. Re3+ Kf4 61. Rd3 Be8 62. Rd4+ Ke5 63. Rc4 Rb3 64. Be1 f4 65. Bd2 f3
66. Rc3 Rxc3 67. Bxc3+ 1/2-1/2

[Event "77th ch-ARM 1st League"]
[Site "Yerevan ARM"]
[Date "2016.11.03"]
[Round "10.6"]
[White "Kalashian, David"]
[Black "Torosyan, Norayr"]
[Result "1-0"]
[WhiteTitle "IM"]
[WhiteElo "2358"]
[BlackElo "2386"]
[WhiteFideId "13302418"]
[BlackFideId "13300431"]
[EventDate "2016.10.24"]

1. e4 e5 2. Nf3 Nc6 3. d4 exd4 4. Nxd4 Bc5 5. Nxc6 Qf6 6. Qf3 bxc6 7. Nd2 d6 8.
Nb3 Bb6 9. Bd2 Qxf3 10. gxf3 Ne7 11. a4 a5 12. Rg1 O-O 13. Be3 Bxe3 14. fxe3 c5
15. O-O-O Bd7 16. Bb5 Bxb5 17. axb5 a4 18. Nd2 Rfb8 19. c4 a3 20. b3 c6 21. b6
Rxb6 22. Kb1 d5 23. Ka2 Rb7 24. Rc1 d4 25. exd4 cxd4 26. c5 Ng6 27. Nc4 Nf4 28.
Nd6 Rd7 29. Rc4 Ne2 30. Re1 Nc3+ 31. Ka1 Nb5 32. Rd1 Nxd6 33. Rcxd4 Rb7 34. Rxd6
f5 35. Ka2 fxe4 36. fxe4 Rb4 37. Rd8+ Rxd8 38. Rxd8+ Kf7 39. Rd7+ Kf8 40. Rd6
Rxe4 41. Kxa3 Rh4 42. Rxc6 Rxh2 43. b4 Rh3+ 44. Ka4 g5 45. b5 g4 46. b6 Rh1 47.
b7 Ra1+ 48. Kb5 Rb1+ 49. Ka6 Ra1+ 50. Kb6 Rb1+ 51. Kc7 g3 52. Rb6 Rxb6 53. Kxb6 1-0

[Event "77th ch-ARM 1st League"]
[Site "Yerevan ARM"]
[Date "2016.11.03"]
[Round "10.7"]
[White "Yegiazaryan, Armenak"]
[Black "Petrosyan, Manuel"]
[Result "1/2-1/2"]
[BlackTitle "IM"]
[WhiteElo "2243"]
[BlackElo "2530"]
[WhiteFideId "13303082"]
[BlackFideId "13300857"]
[EventDate "2016.10.24"]

1. e4 e5 2. Nf3 Nc6 3. Bb5 a6 4. Ba4 Nf6 5. O-O Be7 6. Re1 b5 7. Bb3 d6 8. c3
O-O 9. h3 Na5 10. Bc2 c5 11. d4 Nd7 12. b3 cxd4 13. cxd4 Nc6 14. Nc3 exd4 15.
Nd5 Nde5 16. Nxd4 Nxd4 17. Qxd4 Bf6 18. Kh1 Be6 19. Nxf6+ Qxf6 20. f4 Qh4 21.
Rf1 Nc6 22. Qf2 Qxf2 23. Rxf2 Nb4 24. Ba3 a5 25. f5 Bc8 26. Bxb4 axb4 27. Rd1
Rxa2 28. Rxd6 f6 29. Kg1 Ba6 30. Bd1 Ra1 31. Kh2 Bb7 32. Bf3 Re1 33. Ra2 g6 34.
Ra7 Rf7 35. fxg6 hxg6 36. Rd4 Bd5 37. Ra5 Bxb3 38. Rxb5 Be6 39. Rd6 Re7 40. Rxb4
f5 41. Kg3 fxe4 42. Rxe4 Rxe4 43. Bxe4 Kg7 44. Kf4 g5+ 45. Kxg5 Bxh3 46. Bf3 Be6
47. Rb6 Bf7 48. Bg4 Re3 49. Kf4 Rb3 50. Rd6 Rb4+ 51. Kg5 Rb3 52. Bf3 Rb5+ 53.
Kf4 Rb4+ 54. Kg5 Rb5+ 55. Kh4 Rf5 56. Bg4 Ra5 57. Rb6 Rc5 58. Bd7 Rh5+ 59. Kg3
Rd5 60. Bc8 Rc5 61. Bg4 Ra5 62. Kh3 Ra3+ 63. g3 Ra5 64. Bf3 Ra3 65. Bg2 Ra5 66.
g4 Bd5 67. Bf1 Ra1 68. Ba6 Re1 69. Bc8 Re8 70. Bd7 Rh8+ 71. Kg3 Rh6 72. Rb4 Rd6
73. Ba4 Bf7 74. Kh4 Rh6+ 75. Kg3 Rd6 76. Bc2 Rc6 77. Bf5 Be6 78. Be4 Rc4 79.
Rb7+ Kf6 80. Bf3 Rc3 81. Rb6 Ke5 82. Rb5+ Kf6 83. g5+ Kg7 84. Kf4 Rc7 85. Be4
Bg8 86. Rb6 Bh7 87. Bd5 Bg8 88. Be4 Bh7 89. g6 Bg8 90. Bf5 Re7 91. Kg5 Bd5 92.
Kf4 Bg8 93. Be4 Bc4 94. Rd6 Bb3 95. Rc6 Bg8 96. Rc5 Ba2 97. Rh5 Bg8 98. Ke3 Rd7
99. Ra5 Re7 100. Kd4 Rd7+ 1/2-1/2

[Event "77th ch-ARM 1st League"]
[Site "Yerevan ARM"]
[Date "2016.11.04"]
[Round "11.1"]
[White "Babujian, Levon"]
[Black "Kalashian, David"]
[Result "0-1"]
[WhiteTitle "GM"]
[BlackTitle "IM"]
[WhiteElo "2465"]
[BlackElo "2358"]
[WhiteFideId "13301993"]
[BlackFideId "13302418"]
[EventDate "2016.10.24"]

1. e4 c5 2. Nf3 a6 3. c3 Nf6 4. e5 Nd5 5. d4 cxd4 6. cxd4 Nc6 7. Nc3 Nxc3 8.
bxc3 d6 9. Bf4 Qa5 10. Qd2 d5 11. Be2 Bg4 12. O-O e6 13. h3 Bxf3 14. Bxf3 Ba3
15. Rab1 b5 16. h4 Rc8 17. h5 Qc7 18. Bg3 Na5 19. Qg5 Rg8 20. Bf4 Qd8 21. Qg3
Rxc3 22. Bd2 Rd3 23. Rbd1 Nc4 24. Bg5 Rxf3 25. gxf3 Be7 26. Bxe7 Qxe7 27. f4 g5
28. Kh2 f5 29. exf6 Qxf6 30. Rde1 Nd2 31. Rg1 g4 32. Kg2 Nf3 33. Rc1 Qf5 34. Rc3
Kf7 35. Rgc1 Kf6 36. Re3 Re8 37. h6 Re7 38. Rc8 Kf7 39. a3 a5 40. Rc5 b4 41.
axb4 axb4 42. Rc6 Nd2 43. Qh4 Nf3 44. Qh1 Nxd4 45. Rb6 Nf3 46. Rxb4 d4 47. Reb3
Nd2 48. Rb2 Qe4+ 49. Kg1 Nf3+ 50. Kf1 Kf6 51. Re2 Nd2+ 52. Kg1 Nf3+ 53. Kf1 Nd2+
54. Kg1 Qxe2 55. Qh4+ Kf5 56. Rb5+ e5 57. Qg5+ Ke4 58. Rxe5+ Rxe5 59. Qxe5+ Kf3
60. Qd5+ Ne4 0-1

[Event "77th ch-ARM 1st League"]
[Site "Yerevan ARM"]
[Date "2016.11.04"]
[Round "11.2"]
[White "Mikaelyan, Arman"]
[Black "Bakunts, Rafael"]
[Result "1/2-1/2"]
[WhiteTitle "IM"]
[WhiteElo "2449"]
[BlackElo "2396"]
[WhiteFideId "13304852"]
[BlackFideId "13304097"]
[EventDate "2016.10.24"]

1. d4 d5 2. c4 c6 3. Nf3 Nf6 4. Qc2 dxc4 5. Qxc4 Bg4 6. Nbd2 Nbd7 7. g3 e6 8.
Bg2 Be7 9. O-O O-O 10. Ne5 Bh5 11. Nxd7 Nxd7 12. Nb3 a5 13. a4 Bb4 14. e4 e5 15.
Be3 exd4 16. Bxd4 Kh8 17. Bc3 Nb6 18. Qd4 Qxd4 19. Bxd4 Nd7 20. Rfc1 f6 21. Nc5
Nxc5 22. Bxc5 Bxc5 23. Rxc5 Bf7 24. Rd1 Bb3 25. Rd4 Rad8 26. Rxd8 Rxd8 27. Rxa5
b6 28. Ra7 Rd1+ 29. Bf1 g6 30. Kg2 Rd4 31. Ra8+ Kg7 32. Ra7+ Kh8 33. Ra8+ Kg7
34. Ra7+ 1/2-1/2

[Event "77th ch-ARM 1st League"]
[Site "Yerevan ARM"]
[Date "2016.11.04"]
[Round "11.3"]
[White "Sargsyan, Shant"]
[Black "Hayrapetyan, Hovik"]
[Result "1-0"]
[WhiteTitle "CM"]
[BlackTitle "GM"]
[WhiteElo "2440"]
[BlackElo "2468"]
[WhiteFideId "13306766"]
[BlackFideId "13302639"]
[EventDate "2016.10.24"]

1. d4 Nf6 2. c4 g6 3. Nf3 Bg7 4. g3 O-O 5. Bg2 d5 6. O-O c6 7. Qb3 Qb6 8. Nc3 e6
9. Rd1 Nbd7 10. Bf4 dxc4 11. Qxc4 Qxb2 12. Bd6 Rd8 13. Rab1 Qc2 14. Ne1 Qf5 15.
Bc7 Re8 16. e4 Qh5 17. h3 g5 18. g4 Qg6 19. Nd3 h5 20. f3 Nb6 21. Qb4 Nfd7 22.
Ne2 Bf8 23. Qe1 c5 24. dxc5 Na4 25. Ng3 h4 26. Nh5 e5 27. Bd6 Naxc5 28. Bxf8
Kxf8 29. Nxc5 Nxc5 30. f4 gxf4 31. Qxh4 Be6 32. Nf6 Rec8 33. Rd6 Rd8 34. Nh7+
Ke8 35. Nf6+ Kf8 36. Nh7+ Kg7 37. Rxd8 Rxd8 38. Qxd8 Kxh7 39. Qc7 Nxe4 40. Rxb7
f3 41. Bxf3 Nd2 42. Bg2 Nc4 43. Qd8 Qh6 44. g5 Qg6 45. Rb8 1-0

[Event "77th ch-ARM 1st League"]
[Site "Yerevan ARM"]
[Date "2016.11.04"]
[Round "11.4"]
[White "Harutyunian, Tigran K."]
[Black "Hovhannisyan, Karen G."]
[Result "1-0"]
[WhiteTitle "IM"]
[WhiteElo "2495"]
[BlackElo "2251"]
[WhiteFideId "13303635"]
[BlackFideId "13306618"]
[EventDate "2016.10.24"]

1. Nf3 Nf6 2. g3 g6 3. Bg2 Bg7 4. c4 O-O 5. d4 d6 6. O-O Nc6 7. Nc3 a6 8. d5 Na5
9. b3 b5 10. cxb5 axb5 11. b4 Nc4 12. Nd4 Bd7 13. Ncxb5 Qb8 14. a4 Bxb5 15. Nxb5
Nb6 16. Be3 Nxa4 17. Na7 Ng4 18. Qxa4 Nxe3 19. fxe3 Bxa1 20. Rxa1 Qb6 21. Ra3
Rfb8 22. Qb5 Qxb5 23. Nxb5 Rxa3 24. Nxa3 Rxb4 25. Nc2 Rb2 26. Nd4 h5 27. Kf2 Kg7
28. Bh3 Kf6 29. e4 Rb4 30. Ke3 Rb1 31. Bd7 Rh1 32. h4 Rg1 33. Kf2 Ra1 34. Bc6 e6
35. Nb5 Ke7 36. Nxc7 Ra3 37. e5 Ra5 38. exd6+ Kxd6 39. Ne8+ Ke7 40. d6+ Kd8 41.
Nc7 g5 42. Be8 gxh4 43. gxh4 Rf5+ 44. Ke3 Rf6 45. Kd4 Rf1 46. e4 Rf2 47. Ke5 Rf1
48. Bb5 Rf2 49. Na6 1-0

[Event "77th ch-ARM 1st League"]
[Site "Yerevan ARM"]
[Date "2016.11.04"]
[Round "11.5"]
[White "Martirosyan, Haik M."]
[Black "Hakobyan, Aram"]
[Result "1-0"]
[WhiteTitle "IM"]
[BlackTitle "FM"]
[WhiteElo "2470"]
[BlackElo "2417"]
[WhiteFideId "13306553"]
[BlackFideId "13306677"]
[EventDate "2016.10.24"]

1. Nf3 d5 2. d4 Nf6 3. c4 e6 4. Nc3 c6 5. Bg5 h6 6. Bxf6 Qxf6 7. e3 g6 8. Bd3
Bg7 9. O-O O-O 10. Qe2 Nd7 11. Rfd1 a6 12. Rac1 Qe7 13. a3 Rb8 14. b4 b5 15.
cxd5 cxd5 16. e4 dxe4 17. Nxe4 Bb7 18. Nc5 Bxf3 19. Qxf3 Nxc5 20. dxc5 Rfd8 21.
Be4 Bb2 22. Rb1 Bd4 23. g3 Kg7 24. Kg2 e5 25. Bc2 Rbc8 26. Re1 Qf6 27. Qxf6+
Kxf6 28. Bb3 Kg7 29. f4 Bc3 30. Re2 f6 31. Rc1 Bd4 32. Rd1 Kf8 33. Bc2 Bc3 34.
fxe5 Rxd1 35. Bxd1 Bxe5 36. Bc2 Rd8 37. Bxg6 Ke7 38. Bf5 Rd4 39. Bc8 a5 40. bxa5
Ra4 41. Rd2 Rxa5 42. Rd7+ Kf8 43. Rd3 Ra7 44. c6 Ke7 45. Bg4 Rc7 46. Bf3 Ke6 47.
Kh3 Ra7 48. Kh4 Ra4+ 49. Kh5 b4 50. axb4 Rxb4 51. Kxh6 Rb2 52. Kg6 Rf2 53. h4 f5
54. g4 fxg4 55. Bxg4+ Ke7 56. c7 Rf6+ 57. Kh5 Bxc7 58. Rd7+ Kf8 59. Rxc7 Kg8 60.
Kg5 Rd6 61. Rc8+ Kg7 62. Rc7+ Kh8 63. Re7 Rd8 64. Bf5 Rf8 65. Kh6 Rf6+ 66. Bg6
Rf8 67. Rh7+ 1-0

[Event "77th ch-ARM 1st League"]
[Site "Yerevan ARM"]
[Date "2016.11.04"]
[Round "11.6"]
[White "Petrosyan, Manuel"]
[Black "Shahinyan, David"]
[Result "1-0"]
[WhiteTitle "IM"]
[BlackTitle "IM"]
[WhiteElo "2530"]
[BlackElo "2431"]
[WhiteFideId "13300857"]
[BlackFideId "13304380"]
[EventDate "2016.10.24"]

1. Nf3 e6 2. g3 b6 3. Bg2 Bb7 4. O-O f5 5. d3 Nf6 6. Nbd2 Be7 7. e4 fxe4 8. dxe4
O-O 9. e5 Ne4 10. Nd4 Nc5 11. Bxb7 Nxb7 12. Qg4 c5 13. Ne2 Nc6 14. Qe4 Qc7 15.
f4 d5 16. exd6 Nxd6 17. Qxe6+ Kh8 18. c3 Rae8 19. Qd5 c4 20. Nf3 Nf5 21. Qxc4
Bc5+ 22. Kh1 Qb7 23. Neg1 g5 24. b4 Be3 25. g4 Bxc1 26. gxf5 Bxf4 27. Rae1 b5
28. Qd5 Rd8 29. Qe6 Bb8 30. h3 Rd3 31. Qe4 Rxc3 32. Rc1 Qg7 33. f6 Qxf6 34. Rxc3
Ne5 35. Nxg5 1-0

[Event "77th ch-ARM 1st League"]
[Site "Yerevan ARM"]
[Date "2016.11.04"]
[Round "11.7"]
[White "Torosyan, Norayr"]
[Black "Yegiazaryan, Armenak"]
[Result "0-1"]
[WhiteElo "2386"]
[BlackElo "2243"]
[WhiteFideId "13300431"]
[BlackFideId "13303082"]
[EventDate "2016.10.24"]

1. d4 d5 2. Nf3 Nf6 3. Bf4 c6 4. e3 Bg4 5. Nbd2 e6 6. h3 Bxf3 7. Nxf3 Bd6 8. Ne5
O-O 9. Bd3 Qc7 10. Qf3 Nbd7 11. Qg3 Bxe5 12. dxe5 Nh5 13. Bxh7+ Kxh7 14. Qh4 g6
15. g4 Nxe5 16. gxh5 Nf3+ 17. Ke2 Nxh4 18. hxg6+ fxg6 19. Bxc7 Rf5 20. f4 Rh5
21. Rag1 Nf5 22. Be5 Rg8 23. Rg5 Nh6 24. e4 Nf7 25. Rxh5+ gxh5 26. exd5 cxd5 27.
Kf2 Nxe5 28. fxe5 Rg5 29. Re1 Kg6 30. Re3 Kf5 31. Ra3 a6 32. Rb3 Rg7 33. Re3 Rc7
34. c3 Rc4 35. Rg3 h4 36. Rg7 b5 37. a3 a5 38. Rb7 b4 39. axb4 axb4 40. cxb4
Rc2+ 41. Ke3 Kxe5 42. b5 Rxb2 43. b6 Rb3+ 44. Ke2 Rxh3 45. Rh7 Rb3 0-1

[Event "77th ch-ARM 1st League"]
[Site "Yerevan ARM"]
[Date "2016.11.05"]
[Round "12.1"]
[White "Kalashian, David"]
[Black "Sargsyan, Shant"]
[Result "1-0"]
[WhiteTitle "IM"]
[BlackTitle "CM"]
[WhiteElo "2358"]
[BlackElo "2440"]
[WhiteFideId "13302418"]
[BlackFideId "13306766"]
[EventDate "2016.10.24"]

1. d4 Nf6 2. c4 g6 3. Nc3 d5 4. Bf4 Bg7 5. e3 O-O 6. Rc1 c5 7. dxc5 Be6 8. Nf3
Nc6 9. Be2 Ne4 10. Nd4 Nxd4 11. exd4 Nxc3 12. bxc3 dxc4 13. Qa4 Qd5 14. Bf3 Qf5
15. Bg3 Bd5 16. Bxd5 Qxd5 17. O-O e5 18. Rfd1 Rfd8 19. dxe5 Qxc5 20. Re1 b5 21.
Qc2 Rd3 22. a4 a6 23. axb5 axb5 24. Rb1 Re8 25. Kh1 Re6 26. f4 Qd5 27. Re2 Ra6
28. Qc1 Bf8 29. Bh4 Ra7 30. f5 gxf5 31. Qf4 h6 32. Qxf5 Rd1+ 33. Rxd1 Qxd1+ 34.
Re1 Qd3 35. Qf2 Rd7 36. h3 Bg7 37. Bf6 Qg6 38. Qf4 Kh7 39. Kh2 Rd3 40. Bxg7 Kxg7
41. e6 fxe6 42. Rf1 Rd7 43. Qe5+ Kh7 44. Rf6 Qg5 45. Qe4+ Kg7 46. Rf3 Qe7 47.
Rg3+ Kh8 48. h4 Rd3 49. Rg6 Qd6+ 50. g3 Qf8 51. Qe5+ Kh7 52. Rf6 Qg7 53. Qe4+
Kh8 54. Qf4 Rd8 55. h5 Rd5 56. Rf8+ Kh7 57. Rf7 Rxh5+ 58. Kg2 Rg5 59. Qe4+ Kg8
60. Rxg7+ Kxg7 61. Qxe6 Kh7 62. Qf7+ Kh8 63. Kf3 1-0